<?xml version="1.0" encoding="UTF-8"?>
<record
    xmlns:xsi="http://www.w3.org/2001/XMLSchema-instance"
    xsi:schemaLocation="http://www.loc.gov/MARC21/slim http://www.loc.gov/standards/marcxml/schema/MARC21slim.xsd"
    xmlns="http://www.loc.gov/MARC21/slim">

  <leader>00800nam a2200241 a 4500</leader>
  <controlfield tag="001">BRCA_7286</controlfield>
  <controlfield tag="005">20190320205800.0</controlfield>
  <controlfield tag="008">140312s1914----gw-a######---#000-0#ger-#</controlfield>
  <datafield tag="041" ind1=" " ind2=" ">
    <subfield code="a">ger</subfield>
  </datafield>
  <datafield tag="044" ind1=" " ind2=" ">
    <subfield code="a">gw</subfield>
  </datafield>
  <datafield tag="050" ind1=" " ind2="4">
    <subfield code="a">ND565</subfield>
    <subfield code="b">.G76 1914</subfield>
  </datafield>
  <datafield tag="245" ind1="1" ind2="0">
    <subfield code="a">Grossherzoglich Hessisches Landesmuseum in Darmstadt</subfield>
    <subfield code="b">Verzeichnis der Gem&#xE4;lde</subfield>
    <subfield code="c">bearbeitet von F. Back.</subfield>
  </datafield>
  <datafield tag="260" ind1=" " ind2=" ">
    <subfield code="a">Darmstadt, Hesse, Alemania</subfield>
    <subfield code="b">[F. Back]</subfield>
    <subfield code="c">1914</subfield>
  </datafield>
  <datafield tag="300" ind1=" " ind2=" ">
    <subfield code="a">xxiii, 259 p.</subfield>
    <subfield code="b">il., 112 l&#xE1;minas</subfield>
    <subfield code="c">19 cm.</subfield>
  </datafield>
  <datafield tag="500" ind1=" " ind2=" ">
    <subfield code="a">Incluye &#xED;ndice de abreviaturas</subfield>
  </datafield>
  <datafield tag="500" ind1=" " ind2=" ">
    <subfield code="a">En la portada tiene una firma (no legible) y el a&#xF1;o 1916</subfield>
  </datafield>
  <datafield tag="500" ind1=" " ind2=" ">
    <subfield code="a">E187</subfield>
  </datafield>
  <datafield tag="650" ind1="1" ind2="4">
    <subfield code="a">Pintura alemana</subfield>
    <subfield code="v">Cat&#xE1;logos</subfield>
    <subfield code="9">18028</subfield>
  </datafield>
  <datafield tag="650" ind1="1" ind2="4">
    <subfield code="a">Pintores alemanes</subfield>
    <subfield code="9">797</subfield>
  </datafield>
  <datafield tag="700" ind1="1" ind2=" ">
    <subfield code="a">Back, Friedrich</subfield>
    <subfield code="d">1833-1901</subfield>
    <subfield code="e">Editor</subfield>
    <subfield code="9">18029</subfield>
  </datafield>
  <datafield tag="902" ind1=" " ind2=" ">
    <subfield code="a">GFM</subfield>
  </datafield>
  <datafield tag="942" ind1=" " ind2=" ">
    <subfield code="2">lcc</subfield>
    <subfield code="c">B</subfield>
  </datafield>
  <datafield tag="999" ind1=" " ind2=" ">
    <subfield code="c">6964</subfield>
    <subfield code="d">6964</subfield>
  </datafield>
  <datafield tag="952" ind1=" " ind2=" ">
    <subfield code="0">0</subfield>
    <subfield code="1">0</subfield>
    <subfield code="4">0</subfield>
    <subfield code="7">0</subfield>
    <subfield code="a">BRCA</subfield>
    <subfield code="b">BRCA</subfield>
    <subfield code="d">2012-03-14</subfield>
    <subfield code="i">E187</subfield>
    <subfield code="l">0</subfield>
    <subfield code="o">ND565 .G76 1914 (E187)</subfield>
    <subfield code="p">7869</subfield>
    <subfield code="r">2019-03-22 00:00:00</subfield>
    <subfield code="w">2019-03-22</subfield>
    <subfield code="y">B</subfield>
  </datafield>
</record>
